<?xml version="1.0" encoding="UTF-8"?>
<record
    xmlns:xsi="http://www.w3.org/2001/XMLSchema-instance"
    xsi:schemaLocation="http://www.loc.gov/MARC21/slim http://www.loc.gov/standards/marcxml/schema/MARC21slim.xsd"
    xmlns="http://www.loc.gov/MARC21/slim">

  <leader>01180nam a22002777a 4500</leader>
  <controlfield tag="003">NALT</controlfield>
  <controlfield tag="005">20250522121458.0</controlfield>
  <controlfield tag="008">170313b        th ||||| |||| 00| 0 tha d</controlfield>
  <datafield tag="020" ind1=" " ind2=" ">
    <subfield code="a">9786169159988</subfield>
  </datafield>
  <datafield tag="040" ind1=" " ind2=" ">
    <subfield code="a">NALT</subfield>
  </datafield>
  <datafield tag="041" ind1="1" ind2=" ">
    <subfield code="a">tha</subfield>
    <subfield code="h">eng</subfield>
  </datafield>
  <datafield tag="050" ind1=" " ind2=" ">
    <subfield code="a">B 5134.K754</subfield>
    <subfield code="b">&#xE01;281&#xE01; 2559</subfield>
  </datafield>
  <datafield tag="100" ind1="1" ind2=" ">
    <subfield code="a">&#xE01;&#xE24;&#xE29;&#xE13;&#xE21;&#xE39;&#xE23;&#xE15;&#xE34;, &#xE08;&#xE34;&#xE17;&#xE17;&#xE38;</subfield>
    <subfield code="9">12533</subfield>
  </datafield>
  <datafield tag="245" ind1="1" ind2="0">
    <subfield code="a">&#xE01;&#xE1A;&#xE0F;&#xE04;&#xE27;&#xE32;&#xE21;&#xE04;&#xE34;&#xE14; =</subfield>
    <subfield code="b">Think on these things /</subfield>
    <subfield code="c">&#xE01;&#xE24;&#xE29;&#xE13;&#xE21;&#xE39;&#xE23;&#xE15;&#xE34; &#xE1A;&#xE23;&#xE23;&#xE22;&#xE32;&#xE22; ; &#xE41;&#xE1B;&#xE25;&#xE42;&#xE14;&#xE22; &#xE40;&#xE08;&#xE15;&#xE19;&#xE4C; &#xE40;&#xE08;&#xE23;&#xE34;&#xE0D;&#xE42;&#xE17;.</subfield>
  </datafield>
  <datafield tag="246" ind1="3" ind2="1">
    <subfield code="a">Think on these things.</subfield>
  </datafield>
  <datafield tag="250" ind1=" " ind2=" ">
    <subfield code="a">&#xE1E;&#xE34;&#xE21;&#xE1E;&#xE4C;&#xE04;&#xE23;&#xE31;&#xE49;&#xE07;&#xE17;&#xE35;&#xE48; 2</subfield>
  </datafield>
  <datafield tag="260" ind1=" " ind2=" ">
    <subfield code="a">&#xE2A;&#xE07;&#xE02;&#xE25;&#xE32; :</subfield>
    <subfield code="b">&#xE21;&#xE39;&#xE25;&#xE19;&#xE34;&#xE18;&#xE34;&#xE2D;&#xE31;&#xE19;&#xE27;&#xE35;&#xE01;&#xE29;&#xE13;&#xE32;,</subfield>
    <subfield code="c">2559.</subfield>
  </datafield>
  <datafield tag="300" ind1=" " ind2=" ">
    <subfield code="a">232 &#xE2B;&#xE19;&#xE49;&#xE32; ;</subfield>
    <subfield code="c">21 &#xE0B;&#xE21;</subfield>
  </datafield>
  <datafield tag="600" ind1="1" ind2="4">
    <subfield code="a">&#xE01;&#xE24;&#xE29;&#xE13;&#xE21;&#xE39;&#xE23;&#xE15;&#xE34;, &#xE08;&#xE34;&#xE17;&#xE17;&#xE38;</subfield>
    <subfield code="9">12547</subfield>
    <subfield code="x">&#xE04;&#xE33;&#xE1A;&#xE23;&#xE23;&#xE22;&#xE32;&#xE22;</subfield>
  </datafield>
  <datafield tag="650" ind1=" " ind2="4">
    <subfield code="a">&#xE01;&#xE32;&#xE23;&#xE14;&#xE33;&#xE40;&#xE19;&#xE34;&#xE19;&#xE0A;&#xE35;&#xE27;&#xE34;&#xE15;</subfield>
    <subfield code="9">4418</subfield>
  </datafield>
  <datafield tag="650" ind1=" " ind2="4">
    <subfield code="a">&#xE1B;&#xE23;&#xE31;&#xE0A;&#xE0D;&#xE32;</subfield>
    <subfield code="x">&#xE04;&#xE33;&#xE16;&#xE32;&#xE21;&#xE41;&#xE25;&#xE30;&#xE04;&#xE33;&#xE15;&#xE2D;&#xE1A;</subfield>
    <subfield code="9">22191</subfield>
  </datafield>
  <datafield tag="700" ind1="0" ind2=" ">
    <subfield code="a">&#xE40;&#xE08;&#xE15;&#xE19;&#xE4C; &#xE40;&#xE08;&#xE23;&#xE34;&#xE0D;&#xE42;&#xE17;</subfield>
    <subfield code="9">40550</subfield>
  </datafield>
  <datafield tag="850" ind1=" " ind2=" ">
    <subfield code="a">NALT</subfield>
  </datafield>
  <datafield tag="942" ind1=" " ind2=" ">
    <subfield code="2">lcc</subfield>
    <subfield code="c">GB</subfield>
  </datafield>
  <datafield tag="998" ind1=" " ind2=" ">
    <subfield code="c">ben</subfield>
    <subfield code="b">ben</subfield>
    <subfield code="a">phon</subfield>
    <subfield code="j">8</subfield>
    <subfield code="k"> &#xE19;&#xE32;&#xE22;&#xE1A;&#xE31;&#xE13;&#xE11;&#xE34;&#xE15;  &#xE2D;&#xE38;&#xE17;&#xE32;&#xE27;&#xE07;&#xE04;&#xE4C;</subfield>
  </datafield>
  <datafield tag="999" ind1=" " ind2=" ">
    <subfield code="c">92547</subfield>
    <subfield code="d">92547</subfield>
  </datafield>
  <datafield tag="952" ind1=" " ind2=" ">
    <subfield code="0">0</subfield>
    <subfield code="1">0</subfield>
    <subfield code="2">lcc</subfield>
    <subfield code="4">0</subfield>
    <subfield code="7">0</subfield>
    <subfield code="8">CGBL</subfield>
    <subfield code="a">NALT</subfield>
    <subfield code="b">NALT</subfield>
    <subfield code="c">GEN</subfield>
    <subfield code="d">2017-03-13</subfield>
    <subfield code="l">1</subfield>
    <subfield code="o">B 5134.K754 &#xE01;281&#xE01; 2559</subfield>
    <subfield code="p">3961204941</subfield>
    <subfield code="r">2025-05-29 00:00:00</subfield>
    <subfield code="s">2025-05-22</subfield>
    <subfield code="w">2017-03-13</subfield>
    <subfield code="y">GB</subfield>
  </datafield>
</record>
